00439nam a2200169Ia 4500003000400000005001700004008004100021040000700062041000800069082001900077100002200096245003100118260003900149365001300188650003100201650003700232OSt20230619094340.0210423s1993 xx 000 0 und d cAL aeng a361 223bCHOH aCHOWDHRY (D Paul) aHandbook of social welfare aNew DelhibAtma ram and sonsc1993 b300cINR aSocial Problems & Services aSocial Problems & Social Welfare